Energía térmica: evaluación de procesos y de alternativas
Gespeichert in:
| 1. Verfasser: | |
|---|---|
| Format: | Buch |
| Sprache: | Spanisch |
| Veröffentlicht: |
Santiago
Lom
2000
|
| Schlagworte: | |
| Tags: |
Tag hinzufügen
Keine Tags, Fügen Sie den ersten Tag hinzu!
|
MARC
| LEADER | 00000nam a2200000 a 4500 | ||
|---|---|---|---|
| 001 | UCN0747 | ||
| 003 | CL-VaPUC | ||
| 008 | 010330e20000000CL |||||||||||||||||spa|d | ||
| 082 | 0 | 4 | |a 531.6 |b SAR |2 21 |
| 100 | 0 | |a Sarmiento Martínez, Pedro |e author |9 455953 | |
| 245 | 1 | 0 | |a Energía térmica: evaluación de procesos y de alternativas |
| 300 | |a 180 p | ||
| 942 | |c BK | ||
| 945 | |d 20010330 00:00:00 |a vberengu | ||
| 260 | |a Santiago |b Lom |c 2000 | ||
| 650 | 0 | |a Combustión |9 339668 | |
| 650 | 0 | |a Combustibles |9 271720 | |
| 650 | 0 | |a Transferencia de calor |9 336631 | |
| 650 | 0 | |a Recursos energéticos |9 263206 | |
| 650 | 0 | |a Transmisión de calor |9 259410 | |
| 651 | 7 | |a CHILE |2 CL-VaPUC |9 455954 | |
| 583 | |a last modification |c 20010330 00:00:00 |k Rodrigo Vera | ||
| 999 | |c 294377 |d 294375 | ||
| 952 | |0 0 |1 0 |4 0 |6 531_600000000000000_SAR_2000 |7 0 |8 A |9 346668 |a BIBMEC |b BIBMEC |d 2019-11-20 |i 3703363 |o 531.6 SAR 2000 |p 3703363 |r 2024-01-19 |w 2019-11-20 |y BK |k MEC | ||